书目信息 |
| 题名: |
农业化学基础知识
|
|
| 作者: | 赵淑珍 编写 | |
| 分册: | ||
| 出版信息: | 河北 唐山师专化学系 1999 |
|
| 页数: | 142页 | |
| 开本: | 26cm | |
| 丛书名: | ||
| 单 册: | ||
| 中图分类: | S13 | |
| 科图分类: | ||
| 主题词: | 农业化学 | |
| 电子资源: | ||
| ISBN: | ||
| 000 | 00481nam0 2200169 450 | |
| 001 | 0759074673 | |
| 005 | 20070619080653.71 | |
| 100 | @a20070608d1999 km y0chiy0120 ea | |
| 101 | 0 | @achi |
| 200 | 1 | @a农业化学基础知识@Anong ye hua xue ji chu zhi shi@f赵淑珍编写@Fzhao shu zhen bian xie |
| 210 | @a河北@c唐山师专化学系@d1999 | |
| 215 | @a142页@d26cm | |
| 606 | 0 | @a农业化学 |
| 690 | @aS13@v3 | |
| 701 | 0 | @a赵淑珍@Azhao shu zhen@4编写 |
| 801 | 0 | @aCN@bPFT@c20070619 |
| 905 | @a10447@dS13@e60 | |
| 农业化学基础知识/赵淑珍编写.-河北:唐山师专化学系,1999 |
| 142页;26cm |
| ISBN : |
| ● |
| 相关链接 |
|
|
|
|
正题名:农业化学基础知识
索取号:S13/60
 
预约/预借
| 序号 | 登录号 | 条形码 | 馆藏地/架位号 | 状态 | 备注 |
| 1 | 0629969 | 206299691 | 第二样本阅览室/ [索取号:S13/60] | 在馆 | |
| 2 | 0629970 | 206299708 | 密集书库/ [索取号:S13/60] | 在馆 | |
| 3 | 0655339 | 206553399 | 库房3/ [索取号:S13/60] | 在馆 |